[Event "FRA-chT2"]
[Site "France"]
[Date "2002.03.10"]
[Round "9"]
[White "Fournier, Carolie"]
[Black "Daghsen, Ali"]
[Result "1/2-1/2"]
[WhiteElo "1770"]
[BlackElo "2120"]
[PlyCount "98"]
[EventDate "2002.??.??"]
[EventType "team"]
[EventRounds "11"]
[EventCountry "FRA"]
[SourceTitle "EXT 2003"]
[Source "ChessBase"]
[SourceDate "2002.11.25"]
[SourceVersion "1"]
[SourceVersionDate "2002.11.25"]
[SourceQuality "1"]

1. e4 e5 2. Nf3 Nc6 3. Bb5 Nd4 4. Ba4 Nxf3+ 5. Qxf3 c6 6. c3 Bc5 7. 0-0 Nf6 8. d3 h6 9. Nd2 0-0 10. Bc2 d6 11. Nb3 Bb6 12. Kh1 a5 13. a4 Be6 14. Bd2 Ng4 15. Qg3 Qf6 16. f4 h5 17. f5 Bxb3 18. Bxb3 Bd8 19. h3 Nh6 20. Qg6 Ra6 21. Bxh6 Qxg6 22. fxg6 gxh6 23. Rxf7 Rxf7 24. Bxf7+ Kg7 25. Rf1 h4 26. Be8 Bf6 27. Kh2 Rb6 28. Rf2 d5 29. exd5 cxd5 30. g3 hxg3+ 31. Kxg3 e4 32. d4 Rb3 33. Kg4 Rb6 34. h4 e3 35. Re2 h5+ 36. Kxh5 Re6 37. Bd7 Re4 38. Bg4 Re8 39. Bf5 Rh8+ 40. Kg4 Rxh4+ 41. Kg3 Bg5 42. Rxe3 Rxd4 43. cxd4 Bxe3 44. Be6 Kxg6 45. Bxd5 Bxd4 46. b3 b6 47. Kf4 Kf6 48. Ke4 Bc5 49. Bc4 Ke7 1/2-1/2